Sociedad-naturaleza.
Guardado en:
| Formato: | |
|---|---|
| Materias: | |
| Etiquetas: |
Agregar Etiqueta
Sin Etiquetas, Sea el primero en etiquetar este registro!
|
| LEADER | 00913ngm a22002535g 4500 | ||
|---|---|---|---|
| 001 | CEM.cems022852 | ||
| 008 | 130507b2007##################0###0#####d | ||
| 005 | 20241125135001.0 | ||
| 245 | 0 | 0 | |a Sociedad-naturaleza. |
| 500 | |a En soporte VHS, consultar en ventanilla. | ||
| 505 | 0 | |a Diálogo entre el hombre y la naturaleza. Aprovechamiento de los recursos nacionales. La extracción minera. Deterioro ambiental. Polución. Depredación de la fauna. Modelo sustentable. | |
| 538 | |a Soporte: VHS - Norma: Pal N - Color: Si - Grabación DRD 2007 - Hitachi=3370 | ||
| 082 | 9 | 1 | |/ PAM |
| 653 | |a SOCIEDAD | ||
| 653 | |a NATURALEZA | ||
| 653 | |a HOMBRE | ||
| 653 | |a RECURSOS NACIONALES | ||
| 653 | |a MINERIA | ||
| 653 | |a DESMONTE | ||
| 653 | |a POLUCION | ||
| 653 | |a DEPREDACION | ||
| 653 | |a NIVEL PRIMARIO | ||
| 653 | |a NIVEL SECUNDARIO | ||
| 859 | |a CEMS |b BIB. CEMS - Depto. Recursos Didacticos |h 918 |i PAM |k DRD |p 1495.12 |t Ej.1 | ||
